| 000 | nam a22 a 4500 | ||
|---|---|---|---|
| 999 |
_c455 _d455 |
||
| 003 | AKMAL | ||
| 005 | 20170504090800.0 | ||
| 008 | 170504t2010 -us e 001 0 eng d | ||
| 020 | _a9780470554395 : | ||
| 040 | _aAKMAL | ||
| 082 | 0 | 4 |
_a657.30218 BRA _222 |
| 090 | 0 | 0 |
_a657.30218 _bBRA |
| 100 | 1 |
_aBragg, Steven M. _91064 |
|
| 245 | 1 | 0 |
_aWiley GAAP 2011 : _binterpretation and application of generally accepted accounting principles / _cSteven M. Bragg |
| 260 |
_aNew Jersey; _bJohn Wiley & Sons, INC., _c2010 |
||
| 300 |
_axv, 1351p. ; _c24cm. |
||
| 500 | _aIncludes index | ||
| 650 | 0 |
_aAccounting _xStandards _zUnited States _91065 |
|
| 942 |
_2ddc _cBOOK |
||
| 950 | _lAKMAL | ||